| 000 | 00485nam a2200193Ia 4500 | ||
|---|---|---|---|
| 008 | 220531s9999 xx 000 0 und d | ||
| 041 | _aeng | ||
| 082 | _bKAD | ||
| 100 |
_aKadvekar, S. V. &. Others _968977 |
||
| 245 | _aBusiness Communication | ||
| 250 | _a1ST | ||
| 260 |
_aPune _bDiamand _c2014 |
||
| 300 | _a244 | ||
| 542 | _d01-08-2014 | ||
| 551 |
_aCommerce _bNon-grant--C |
||
| 650 |
_aBusi. Communication _968978 |
||
| 906 |
_d2014-2015 _f819 |
||
| 999 |
_c38720 _d38720 |
||